000 00831nam a2200265 i 4500
001 bg
100 1 _aSKIBICKI, Wacław.
245 1 0 _aSłownik terminologii prawniczej i ekonomicznej niemiecko-polski /
_cWacław Skibicki.
246 1 1 _aWörterbuch der Rechts-und Wirtschaftssprache deutsch-polnisch
250 _a[Wyd. 4].
260 _aWarszawa :
_b"Wiedza Powszechna",
_c1997.
300 _a523 s. ;
_c21 cm.
500 _aTyt. równol. : Wörterbuch der Rechts-und Wirtschaftssprache deutsch-polnisch.
650 9 _aNauki ekonomiczne
650 9 _aPrawo
650 9 _aSłownik niemiecko-polski
655 _aSłowniki
020 _a8321409830
040 _cBPK
041 0 _adepl
080 _a34+33](038)=112.2=162.1
920 _a83-214-0983-0
942 _cKS
008 s pl f |000 0 pol
999 _c34343
_d34343
856 _uhttp://koha.tu.koszalin.pl/cgi-bin/koha/opac-detail.pl?biblionumber=34343
_yKatalog online BPK